000 00553nam a2200181Ia 4500
003 GCL
008 140319s9999 xx 000 0 ara d
040 _aGCL /
_cGCL
082 0 4 _a250
_bم ت
100 1 _aمحمد مصطفى شلبى
245 1 0 _aتطبيق الشريعة الاسلامية بين المؤيدين و المعاصرين /
_cمحمد مصطفى شلبى
300 _a115 ص
490 _a
650 0 4 _aالاسلام
650 0 4 _aالشريعة الاسلامية
650 0 4 _aالفقه الاسلامى
942 _2ddc
_cBK
999 _c45150
_d45150